LEADER 01155nam0-22003251i-450- 001 990007069330403321 005 20070531161036.0 010 $a88-491-1618-7 035 $a000706933 035 $aFED01000706933 035 $a(Aleph)000706933FED01 035 $a000706933 100 $a20020405d2000----km-y0itay50------ba 101 0 $aita 105 $aa-------101yy 200 1 $aStudenti e dottori nelle università italiane$e(origini - 20. secolo)$eatti del Convegno di studi, Bologna, 25-27 novembre 1999$fa cura Gian Paolo Brizzi e Andrea Romano 210 $aBologna$cCLUEB$d©2000 215 $a401 p.$cill.$d28 cm 225 1 $aStudi$fCentro interuniversitario per la storia delle università italiane$v1 610 0 $aStudenti universitari - Italia - Sec. 12.-20. - Congressi - 1999 676 $a378.45 702 1$aBrizzi,$bGian Paolo$f<1945- > 702 1$aRomano,$bAndrea$f<1947- > 801 0$aIT$bUNINA$gRICA$2UNIMARC 901 $aBK 912 $a990007069330403321 952 $a378.45 CONV BOLOGNA 1999$bBibl.41384$fFLFBC 959 $aFLFBC 996 $aStudenti e dottori nelle università italiane$9157526 997 $aUNINA LEADER 01161nlm0 2200337 450 001 990009315360403321 005 20110204112549.0 010 $a88-88904-04-2 035 $a000931536 035 $aFED01000931536 035 $a(Aleph)000931536FED01 035 $a000931536 100 $a20110204d2004----km-y0itay50------ba 101 0 $aita 102 $aIT 135 $adrc-----auuuu 200 1 $a<>formazione della Democrazia Cristiana a Napoli (agosto 1943 - gennaio 1944)$bRisorsa elettronica$fRoberto P. Violi 210 $aNapoli$cClioPress$d2004 215 $a125 p. 225 1 $aSaggi$fUniversità degli Studi di Napoli Federico II. ClioPress. Dipartimento di Discipline Storiche ?E. Lepore?$v3 230 $aDocumento elettronico 336 $aTesto 337 $aFormato pdf 676 $a324.245082 702 1$aVioli,$bRoberto P. 801 0$aIT$bUNINA$gRICA$2UNIMARC 856 4 $zTesto disponibile presso FedOA$uhttp://www.fedoa.unina.it/34/1/violi.pdf$e20110204 901 $aEB 912 $a990009315360403321 996 $aFormazione della Democrazia Cristiana a Napoli (agosto 1943 - gennaio 1944$9771649 997 $aUNINA LEADER 02910nam 22006255 450 001 9910484118503321 005 20250411151540.0 010 $a3-030-73616-4 024 7 $a10.1007/978-3-030-73616-3 035 $a(CKB)4100000011918693 035 $a(DE-He213)978-3-030-73616-3 035 $a(MiAaPQ)EBC6607525 035 $a(Au-PeEL)EBL6607525 035 $a(OCoLC)1250364507 035 $a(PPN)255884974 035 $a(EXLCZ)994100000011918693 100 $a20210507d2021 u| 0 101 0 $aeng 135 $aurnn|008mamaa 181 $ctxt$2rdacontent 182 $cc$2rdamedia 183 $acr$2rdacarrier 200 10$a18th International Probabilistic Workshop $eIPW 2020 /$fedited by José C. Matos, Paulo B. Lourenço, Daniel V. Oliveira, Jorge Branco, Dirk Proske, Rui A. Silva, Hélder S. Sousa 205 $a1st ed. 2021. 210 1$aCham :$cSpringer International Publishing :$cImprint: Springer,$d2021. 215 $a1 online resource (XVI, 855 p. 350 illus., 230 illus. in color.) 225 1 $aLecture Notes in Civil Engineering,$x2366-2565 ;$v153 311 08$a3-030-73615-6 330 $aThis volume presents the proceedings of the 18th International Probabilistic Workshop (IPW), which was held in Guimarães, Portugal in May 2021. Probabilistic methods are currently of crucial importance for research and developments in the field of engineering, which face challenges presented by new materials and technologies and rapidly changing societal needs and values. Contemporary needs related to, for example, performance-based design, service-life design, life-cycle analysis, product optimization, assessment of existing structures and structural robustness give rise to new developments as well as accurate and practically applicable probabilistic and statistical engineering methods to support these developments. These proceedings are a valuable resource for anyone interested in contemporary developments in the field of probabilistic engineering applications. 410 0$aLecture Notes in Civil Engineering,$x2366-2565 ;$v153 606 $aCivil engineering 606 $aProbabilities 606 $aIndustrial management 606 $aFinancial risk management 606 $aCivil Engineering 606 $aApplied Probability 606 $aIndustrial Management 606 $aRisk Management 615 0$aCivil engineering. 615 0$aProbabilities. 615 0$aIndustrial management. 615 0$aFinancial risk management. 615 14$aCivil Engineering. 615 24$aApplied Probability. 615 24$aIndustrial Management. 615 24$aRisk Management. 676 $a624.171 702 $aMatos$b Jose? C. 801 0$bMiAaPQ 801 1$bMiAaPQ 801 2$bMiAaPQ 906 $aBOOK 912 $a9910484118503321 996 $a18th International Probabilistic Workshop$92193458 997 $aUNINA